5HLuxD.jpg

KING HENRY VIII SENIOR AND PRIMARY SCHOOL LIBRARY OPAC

MR SKIP (Record no. 5950)

000 -LEADER
fixed length control field 00463nam a22001697a 4500
005 - DATE AND TIME OF LATEST TRANSACTION
control field 20251204110758.0
008 - FIXED-LENGTH DATA ELEMENTS--GENERAL INFORMATION
fixed length control field 251204b ||||| |||| 00| 0 eng d
020 ## - INTERNATIONAL STANDARD BOOK NUMBER
International Standard Book Number 9780007966981
040 ## - CATALOGING SOURCE
Transcribing agency KH8
082 ## - DEWEY DECIMAL CLASSIFICATION NUMBER
Classification number 813.6 MOR
100 ## - MAIN ENTRY--PERSONAL NAME
Personal name MORPURGO,MICHAEL
Relator term AUTHOR
245 ## - TITLE STATEMENT
Title MR SKIP
Remainder of title A MAGICAL FRIEND WHO MAKES DREAMS COME TRUW
300 ## - PHYSICAL DESCRIPTION
Extent 110 PAGES
Other physical details b illustration
Dimensions 13 cm x 20 cm
650 ## - SUBJECT ADDED ENTRY--TOPICAL TERM
Topical term or geographic name entry element Juvenile Literature
655 ## - INDEX TERM--GENRE/FORM
Genre/form data or focus term Fantasy
942 ## - ADDED ENTRY ELEMENTS (KOHA)
Source of classification or shelving scheme
Koha item type Books - Fiction
Holdings
Withdrawn status Lost status Source of classification or shelving scheme Damaged status Not for loan Collection code Permanent Location Current Location Shelving location Date acquired Source of acquisition Full call number Barcode Date last seen Price effective from Koha item type Public note
          Fiction KH8 Primary School Library KH8 Primary School Library Fiction 2025-12-04 OE BOOKS 813.6 MOR KHPL000008168 2025-12-05 2025-12-04 Books - Fiction PRIMARY LIBRARY

Powered By KH8 IT Dept